Top 10 des films ayant rapporté le plus d'argent - Statistiques

Statistiques générales
  • Ce quiz a été pris 551 fois
  • Le résultat moyen est 4 sur 10
Statistiques - réponses
Revenue Date de sortie Réalisateur Film % Correct
2 243 000 000 $ 1997 James Cameron Titanic
88%
2 920 000 000 $ 2009 James Cameron Avatar
87%
1 510 000 000 $ 2012 Joss Whedon Avengers
58%
2 800 000 000 $ 2019 Anthony et Joe Russo Avengers : Endgame
43%
2 052 000 000 $ 2018 Anthony et Joe Russo Avengers : Infinity War
34%
2 247 000 000 $ 2022 James Cameron Avatar : La voie de l'eau
31%
1 920 000 000 $ 2021 Jon Watts Spider-Man : No Way Home
19%
1 663 000 000 $ 2019 Jon Favreau Le Roi lion
16%
2 066 000 000 $ 2015 J. J. Abrams Star Wars, épisode VII : Le réveil de la force
15%
1 671 000 000 $ 2015 Colin Trevorrow Jurrassic World
14%
Aucun quiz correspondant
Distribution des résultats
% des personnes avec chaque résultat
Percentile par nombre de réponses
Votre historique - résultats
Vous n’avez pas pris ce quiz